000 00299nam a22001337a 4500
008 181107b xxu||||| |||| 00| 0 eng d
020 _a0442262558
041 _aeng
080 _24th
_a101
100 _a24
101 _aFIL
245 _aGreat Traditions in Ethics
_cAlbert,E.M
942 _2udc
_cBK
999 _c52055
_d52055